00676nam a22002297a 450000500170000001000110001702000100002803500110003803700160004904000120006508200150007710000240009224501210011626000400023727000330027730000280031050000190033865000280035765000200038570000230040570000180042820170124110157.0 a497109 c00.00 a497109 bCen Lib/Ret aDPLbEN a021.2bWIL aWilson, Louis Round aEducation and libraries :cby Louis Round Wilson ; edited by Maurice F. Tauber [and] Jerrold Ornebselected papers / aLondonbCrosby Lockwood & Sonc1966 a26 Old Brompton RoadbLondon axviii, 344p. c21cm(Hb) aIncludes index aLibraries and education aLibrary Science aTauber, Maurice F. aOrne, Jerrold